000 00289nam a22001337a 4500
008 170608b xxu||||| |||| 00| 0 eng d
020 _a9780131744011
041 _aeng
080 _a32
100 _a18
101 _aSHP
245 _aAPPROACHING DEMOCRACY
_cBERMAN, L
942 _2udc
_cBK
999 _c16395
_d16395